| 000 | 01870nam a2200241Ia 4500 | ||
|---|---|---|---|
| 003 | Ost | ||
| 005 | 20260507075539.0 | ||
| 008 | 260507s9999||||xx |||||||||||||| ||und|| | ||
| 040 | _cfsecg | ||
| 041 | _aara | ||
| 082 | _a658 | ||
| 100 |
_aالدوري، زكريا مطلك _eمؤلف |
||
| 245 | 0 |
_aإدارة التمكين و اقتصاديات الثقة في منظمات أعمال الألفية الثالثة / _c زكريا مطلك الدوري |
|
| 260 |
_aعمان: _bدار اليازوري العلمية للنشر والتوزيع, _c2009 |
||
| 300 |
_a415 صفحة؛ _bإيضاحات ؛ _c24 سم |
||
| 504 | _aبيبليوغرافيا: ص ص.411-415 | ||
| 520 | _aيضم تمكين العاملين منهج متكامل في إطار استراتيجية إدارة الجودة الشاملة، استراتيجية تمكين العاملين وأثرها في تحقيق الميزة التنافسية، الإنفاق على رأس المال الفكري وأثره في نجاح الشركات الصناعية، منهجية البحث، عرض وتحليل نتائج البحث الميداني، تحليل معطيات العلاقة الإرتباطية بين نظام معلومات الموارد الموارد البشرية ورأس المال الفكري، الإطار التحليلي للبحث وصف المتغيرات الأساسية وتحليل العلاقات الإرتباطية، اقتصاديات الثقة أحد مرتكزات رأس المال الإجتماعي التنظيمي، دور الحاكمية في تعزيز الثقة بين أصحاب المصالح في منظمات الأعمال | ||
| 653 | _aإدارة الأعمال | ||
| 653 | _aإدارة الأفراد | ||
| 653 | _aضبط الجودة | ||
| 700 |
_aصالح، أحمد علي _eمؤلف ثانوي |
||
| 942 | _cكتاب | ||
| 999 |
_c44857 _d44857 |
||